01632 a2200217 45000010006000000050017000060080041000230030015000640400040000790800033001192450051001522500012002032640036002153000026002515050956002770410008012331000019012417000028012607000027012888560099013154716620260407155740.0260407a1996 arg spa dAR-UNSa-BCEJYS aAR-UNSa-BCEJYSbspacAR-UNSa-BCEJYS a330.101.542xMicroeconomía10aMicroeconomía intermediapun enfoque moderno a4a. ed. 1aBarcelona :bAntoni Boschc1996 axxiii, 707 p.c23 cm. a1. El mercado - 2. La restricción presupuestaria - 3. Las preferencias - 4. La utilidad - 5. La elección - 6. La demanda - 7. Las preferencias reveladas - 8. La ecuación de Slutsky - 9. La compra y la venta - 10. La elección intertemporal - 11. Los mercados de activos - 12. La incertidumbre - 13. Los activos inciertos - 14. El excedente del consumidor - 15. La demanda del mercado - 16. El equilibrio - 17. La tecnología - 18. La maximización del beneficio - 19. La minimización de los costes - 20. Las curvas de costes - 21. La oferta de la empresa - 22. La oferta de la industria - 23. El monopolio - 24. La conducta del monopolio - 25. Los mercados de factores - 26. El oligopolio - 27. La teoría de los juegos - 28. El intercambio - 29. La producción - 30. El bienestar - 31. Las externalidades - 32. Derecho y economía - 33. La tecnología de la información - 34. Los bienes públicos - 35. Información asimétrica.  aspa1 aVarian, Hal R.1 aRabasco, María Esther1 aToharia Cortés, Luis41uhttps://www.biblioeco.unsa.edu.ar/pmb/images/libros/L127414.jpgyImagen de portadaqimage/jpeg